| 000 | 01007nam a22003257a 4500 | ||
|---|---|---|---|
| 003 | CHAP | ||
| 005 | 20220329140357.0 | ||
| 008 | 971013s1968 r 00010 d | ||
| 010 | _a51097 | ||
| 011 | _a52069 | ||
| 035 | _a56219 | ||
| 040 | _cCHAP | ||
| 082 |
_a599 _bW3 1968 |
||
| 100 | 0 | 0 |
_aWalker, Ernest P. _9120865 |
| 245 | _aMammals of the world | ||
| 250 | _a2 ed. | ||
| 260 |
_aBaltimore : _bJohns Hopkins, _c1968 |
||
| 300 |
_a3 v. _b: ilus. |
||
| 500 | _aLa biblioteca tiene: v.1, v.2 | ||
| 590 |
_aBATCH-UPD _b10 _c20130110 _lUCH01 _h0629 |
||
| 590 |
_aBATCH-UPD _b10 _c20130110 _lUCH01 _h2312 |
||
| 590 |
_aBATCH-UPD _b10 _c20130410 _lUCH01 _h0312 |
||
| 590 |
_aBATCH-UPD _b10 _c20130914 _lUCH01 _h1742 |
||
| 590 |
_aCONVERSION _b10 _c20130109 _lUCH01 _h1328 |
||
| 650 | 1 | 4 |
_aMamÃferos. _970236 |
| 901 | _aBK | ||
| 942 | _cLIBRO | ||
| 949 |
_a599 W3 1968 _bBC _cLIBRO _d33724000364816 _eLIBRO _fv.2 _h15511 _i56219 _si |
||
| 949 |
_a599 W3 1968 _bBC _cLIBRO _d33724000364824 _eLIBRO _fv.1 _h15510 _i56219 _si |
||
| 999 |
_c51097 _d51097 |
||